| Tag |
First Indicator |
Second Indicator |
Subfields |
| LEADER |
00000cam a2200000 a 4500 |
| 001 |
in00001845421 |
| 005 |
20200905063054.0 |
| 008 |
031022s2004 nyu 000 1 eng |
| 010 |
|
|
|a 2003065404
|
| 020 |
|
|
|a 1569473587 (alk. paper)
|
| 035 |
|
|
|a (OCoLC)ocm53356685
|
| 040 |
|
|
|a DLC
|c DLC
|d C#P
|d UtOrBLW
|
| 043 |
|
|
|a nwcu---
|
| 049 |
|
|
|a TXAM
|
| 050 |
0 |
0 |
|a PS3604.O936
|b G57 2004
|
| 082 |
0 |
0 |
|a 813/.6
|2 22
|
| 100 |
1 |
|
|a Dovalpage, Teresa,
|d 1966-
|
| 245 |
1 |
2 |
|a A girl like Che Guevara :
|b a novel /
|c Teresa de la Caridad Doval.
|
| 264 |
|
1 |
|a New York :
|b Soho Press,
|c [2004]
|
| 264 |
|
4 |
|c ©2004
|
| 300 |
|
|
|a vii, 305 pages ;
|c 22 cm.
|
| 336 |
|
|
|a text
|b txt
|2 rdacontent
|
| 337 |
|
|
|a unmediated
|b n
|2 rdamedia
|
| 338 |
|
|
|a volume
|b nc
|2 rdacarrier
|
| 650 |
|
0 |
|a Teenage girls
|v Fiction.
|
| 600 |
1 |
0 |
|a Guevara, Che,
|d 1928-1967
|x Influence
|v Fiction.
|
| 650 |
|
0 |
|a Agricultural laborers
|v Fiction.
|
| 650 |
|
0 |
|a Women tobacco workers
|v Fiction.
|
| 651 |
|
0 |
|a Cuba
|v Fiction.
|
| 655 |
|
7 |
|a Bildungsromans.
|2 gsafd
|
| 948 |
|
|
|a cataloged
|b h
|c 2004/6/22
|d c
|e ceaton
|f 2:27:55 pm
|
| 994 |
|
|
|a C0
|b TXA
|
| 944 |
|
|
|a bsc
|h REPL<3247991>REP-SAME<>REF<cbenefie>
|m Replacement on order
|
| 999 |
|
|
|a MARS
|
| 999 |
f |
f |
|s 5dacd76b-b22f-3108-8c3b-c437b5c08503
|i e3e1ade5-3491-3eeb-b8b6-3e6bbe6456c9
|t 0
|
| 952 |
f |
f |
|p ric
|a Texas A&M University
|b Rellis Campus
|c Joint Library Facility
|d Remote Storage
|t 0
|e PS3604.O936 G57 2004
|h Library of Congress classification
|i unmediated -- volume
|m A14833385452
|
| 998 |
f |
f |
|a PS3604.O936 G57 2004
|t 0
|l Remote Storage
|